000 00635cam a2200205 a 4500
001 15832940
005 20241112093259.0
008 090724s2011 caua b 001 0 eng
020 _a9781412978538 (pbk.)
020 _a141297853X (pbk.)
050 0 0 _aQ180.55.E9
_bD355 2011
082 0 0 _a001.4
_222
100 1 _aDane, Francis C.,
_d1952-
245 1 0 _aEvaluating research :
_bmethodology for people who need to read research /
_cFrancis C. Dane.
260 _aLos Angeles :
_bSage,
_cc2011.
300 _axvi, 371 p. :
_bill. ;
_c23 cm.
650 0 _aResearch
_xEvaluation.
650 0 _aResearch
_xMethodology.
942 _2lcc
_cBK
_n0
999 _c1044
_d1044